Statistics for Who Wants To Be A Millionaire Quiz

Click here to take the quiz!

General Stats

  • This quiz has been taken 57 times
  • The average score is 3 of 10

Answer Stats

HintAnswer% Correct
Which two words traditionally appear onscreen at the termination of a feature film?The End
91%
A person with well-developed abdominal muscles is said to have a what?Six-pack
83%
What is the name of the code entered at the ATM to receive money?Pin
60%
Which of these is a musical instrument? (Mandolin, Mandrill, Mandrake, or Mandalay)Mandolin
42%
Which plant is a national symbol of Ireland?Shamrock
34%
According to the Population Reference Bureau, what is the approximate number of people who have ever lived on Earth?100 Billion
15%
"Nephelococcygia" is the practice of doing what?Finding shapes in clouds
9%
Who delivered the less famous two-hour speech that preceded Abraham Lincoln's two-minute Gettysburg Address?Edward Everett
6%
In what country are all US major league baseballs currently manufactured?Costa Rica
4%
A rare example of a word that rhymes with "orange," the Blorenge is a what?Mountain In Wales
0%

Score Distribution

Percentile by Number Answered

Percent of People with Each Score

Your Score History

You have not taken this quiz